000 00463nam a2200193Ia 4500
003 OSt
005 20241018164324.0
008 210210b1975 xxu||||| |||| 00| 0 eng d
040 _cAL
041 _aEnglish
082 _a152.4 MAUM
100 _aMAURUS (J).
_9182738
245 _aMake your emotions work for you
260 _aAllahabad
_bBetter yourself books
_c1975
300 _a119
690 _aPsychology
_9182739
906 _a031250
942 _2ddc
_cBK
999 _c82322
_d82322